Harry Potter y el Prisionero de Azkaban / (Registro nro. 9143)

Detalles MARC
000 -LIDER
fixed length control field 01053nkm a2200349 b 4500
001 - NÚMERO DE CONTROL
Identificador de número de control 002869
003 - IDENTIFICACDOR DE NÚMERO DE CONTROL
control field DO-SdBNP
005 - DATE AND TIME OF LATEST TRANSACTION
control field 20180125133104.0
007 - CAMPOS FIJOS DE DESCRIPCIÓN FÍSICA
fixed length control field 002869
008 - ELEMENTOS DE LONGITUD FIJA
fixed length control field 060721s2001 sp spa
016 7# - NO. DE CONTROL DE LA AGENCIA BIB. NACIONAL
Record control number
Source BPMSU
017 ## - NÚMERO DE REGISTRO DE DERECHOS DE AUTOR
Copyright or legal deposit number
Assigning agency
035 ## - NÚMERO LOCAL
System control number
040 ## - FUENTE DE CATALOGACIÓN
Agencia que crea de manera original el registro BPMSU
Idioma de catalogación spa
Agencia que realiza la transcripción BPMSU
Convenciones de la despripción
082 ## - NÚMERO DE CLASIFICACIÓN DECIMAL DE DEWEY
Classification number 823.91
Item number R69h
100 ## - ASIENTO PRINCIPAL -- NOMBRE PERSONAL
Término de relación Rowling, J. K., 1965-
240 ## - TITULO UNIFORME
Título uniforme Harry potter and the Prisioner of Azkaban.
245 10 - MENCIÓN DE TITULO
Título Harry Potter y el Prisionero de Azkaban /
Mención de responsabilidad J. K. Rowling ; traducción de Adolfo Muñoz García y Nieves Martín Azofra.
Medio (Designación general de material)
Subtítulo
250 ## - MENCIÓN DE EDICION
Materiales especificados 8a. ed.
260 ## - PUBLICACIÓN, DISTRIBUCIÓN, ETC. (PIE DE IMPRENTA)
Lugar de publicación, distribución, etc Barcelona :
Nombre del editor, distribuidor, etc. Salamandra,
Fecha de publicación, distribución, etc 2001
Lugar de impresión
Impresor
300 ## - DESCRIPCIÓN FÍSICA
Extensión 359 p. ;
Dimensiones 22 cm.
650 ## - ENCABEZAMIENTO DE MATERIA--TEMÁTICO
Fuente del encabezamiento o término NOVELA INGLESA
650 ## - ENCABEZAMIENTO DE MATERIA--TEMÁTICO
Fuente del encabezamiento o término MAGIA - NOVELA
650 ## - ENCABEZAMIENTO DE MATERIA--TEMÁTICO
Fuente del encabezamiento o término BRUJERÍA - NOVELA
653 ## - INDEX TERM--UNCONTROLLED
Uncontrolled term Cine
700 ## - ASIENTO SECUNDARIO -- NOMBRE PERSONAL
Nombre personal Muñoz Garcia, Adolfo
Mención de responsabilidad tr.
700 ## - ASIENTO SECUNDARIO -- NOMBRE PERSONAL
Nombre personal Martín Azofra, Nieves
Mención de responsabilidad tr.
942 ## - ADDED ENTRY ELEMENTS (KOHA)
Source of classification or shelving scheme Dewey Decimal Classification
Koha item type Libros
945 ## - INFORMACIÓN DE PROCESAMIENTO LOCAL
Información de procesamiento local Inventariado extranjero / 2018 VM
956 ## - LOCAL ELECTRONIC LOCATION AND ACCESS (OCLC)
Nombre de host VMATEO
Número de acceso 10
Información de compresión 20160708
Trayectoria BPMSU
Nombre Electrónico 00069
980 ## - EQUIVALENCE OR CROSS-REFERENCE-SERIES STATEMENT--PERSONAL NAME/TITLE [LOCAL, CANADA]
Personal name
--
Numeration
Attribution qualifier
Titles and other words associated with a name
Existencias
Withdrawn status Lost status Source of classification or shelving scheme Damaged status Not for loan Collection code Home library Current library Date acquired Total Checkouts Full call number Barcode Date last seen Price effective from Koha item type
    Dewey Decimal Classification     Colección General Biblioteca Pública Metropolitana Salomé Ureña Biblioteca Pública Metropolitana Salomé Ureña 03/07/2016   823.91 R69h BPMET16030003 03/07/2016 03/07/2016 Libros